Kompozitné materiály s magnetickými vlastnosťami : Obh. 10.6.1996 /

Enregistré dans:
Détails bibliographiques
Auteur principal: Groško, Ondrej (Auteur)
Format: Manuscrit Livre
Langue:slovaque
Publié: Bratislava : STU v Bratislave ChtF, 1996
Tags: Ajouter un tag
Pas de tags, Soyez le premier à ajouter un tag!

MARC

LEADER 00000ntm a22000003a 4500
001 stu23969
005 20150617225747.7
008 960624s1996----xo------------------slo-d
040 |a STU  |b slo 
041 0 |a slo 
044 |a xo 
100 1 |a Groško, Ondrej  |4 aut 
245 1 |a Kompozitné materiály s magnetickými vlastnosťami :  |b Obh. 10.6.1996 /  |c [aut.]Groško,Ondrej 
260 |a Bratislava :  |b STU v Bratislave ChtF,  |c 1996 
300 |a 61 s :  |b Obr.,tab.,grafy,lit 
500 |a Zameranie: Plasty a kaučuk 
996 |b CD12164  |c C*D12164  |l CCI  |s A  |a 24  |w stu23969_0001